[Event "FSIM July"]
[Site "Budapest HUN"]
[Date "2003.07.11"]
[Round "7"]
[White "Husari,Sa"]
[Black "Dembo,Y"]
[Result "1/2-1/2"]
[WhiteElo "2355"]
[BlackElo "2390"]

1.d4 Nf6 2.c4 g6 3.Nc3 Bg7 4.e4 d6 5.Nf3 O-O 6.Be2 e5 7.O-O Nc6 8.d5 Ne7
9.b4 a5 10.Ba3 axb4 11.Bxb4 b6 12.a4 Ne8 13.Qb3 Kh8 14.a5 c5 15.dxc6 bxa5
16.c7 Qxc7 17.Nb5 Qb7 18.Ba3 Nc6 19.Qa2 Bg4 20.Rfd1 Rd8 21.h3 Bxf3 22.Bxf3 Nb4
23.Qb1 Qc6 24.Bxb4 axb4 25.Qxb4 f5  1/2-1/2

[Event "Open"]
[Site "Montpellier FRA"]
[Date "2003.07.11"]
[Round "5"]
[White "Collas,D"]
[Black "Hebden,M"]
[Result "1/2-1/2"]
[WhiteElo "2437"]
[BlackElo "2544"]

1.Nf3 Nf6 2.c4 g6 3.Nc3 Bg7 4.e4 d6 5.d4 O-O 6.Be2 e5 7.O-O Nc6 8.d5 Ne7
9.b4 Kh8 10.c5 Neg8 11.Nd2 Ne8 12.a4 f5 13.a5 Nh6 14.a6 b6 15.Bb5 bxc5 16.bxc5 dxc5
17.Ba3 Nd6 18.Bxc5 Nxb5 19.Nxb5 Rf6 20.Nxa7 Rxa6 21.Rxa6 Bxa6 22.Re1 fxe4
23.Nxe4 Bb7 24.Nc3 Qd7 25.Qb3  1/2-1/2

[Event "Masters"]
[Site "Saint Lo FRA"]
[Date "2003.07.11"]
[Round "3"]
[White "Amoyal,P"]
[Black "Berube,R"]
[Result "1-0"]
[WhiteElo "2226"]
[BlackElo "2305"]

1.d4 Nf6 2.c4 g6 3.Nc3 Bg7 4.e4 d6 5.Nf3 O-O 6.Be2 e5 7.O-O Nc6 8.d5 Ne7
9.Ne1 Nd7 10.Be3 f5 11.f3 f4 12.Bf2 g5 13.g4 h5 14.h3 Rf6 15.Kg2 Rh6 16.Nd3 Ng6
17.Rh1 Nh4+ 18.Bxh4 gxh4 19.Kh2 hxg4 20.hxg4 a6 21.Bf1 Nf8 22.Nf2 c6 23.Rg1 Nh7
24.Nh3 Ng5 25.Nxg5 Qxg5 26.Bh3 Qe7 27.Qb3 c5 28.Na4 Rg6 29.Nb6 Rb8 30.Qc3 Kf8
31.Qe1 Qg5 32.b4 Bf6 33.bxc5 dxc5 34.Rb1 Rg7 35.Qa5 Be7 36.Nxc8 Rxc8 37.Rxb7 Rg6
38.Rgb1 Rd8 39.R7b6 Rxb6 40.Rxb6 Rd6 41.Qxc5 Qf6 42.Rb8+ Kf7 43.Qa7 a5 44.c5 Ra6
45.Qc7  1-0

[Event "25th Open"]
[Site "Oberwart AUT"]
[Date "2003.07.12"]
[Round "8"]
[White "Bogdanov,Val"]
[Black "Weissenbeck,M"]
[Result "1/2-1/2"]
[WhiteElo "2409"]
[BlackElo "2240"]

1.d4 Nf6 2.Nf3 g6 3.c4 Bg7 4.Nc3 O-O 5.e4 d6 6.Be2 e5 7.O-O Nc6 8.d5 Ne7
9.b4 Nh5 10.c5 f5 11.Ng5 Nf4 12.Bxf4 exf4 13.Rc1 a5 14.cxd6 cxd6 15.Nb5 axb4
16.Nc7 Rxa2 17.Nge6 Bxe6 18.Nxe6 Qb6 19.Nxf8 Kxf8 20.exf5 Nxf5 21.Rc8+ Kf7
22.Bg4 Nd4 23.Qc1 Be5 24.Rc7+ Kf6 25.h4 b3 26.Be6 Nxe6 27.dxe6 Kxe6 28.Rxh7 Qc6
29.Qd1 Rc2 30.Qg4+ Kd5 31.Rxb7 b2 32.Qf3+ Ke6 33.Qg4+ Kd5 34.Qxg6 Rc1 35.Qd3+ Ke6
36.Rb5 Kf6 37.h5 Qc2 38.Qxc2 Rxc2 39.g4 fxg3 40.fxg3+ Kg5 41.Rf2 Rc1+ 42.Rf1 Kxh5
43.Kf2 Kg4 44.Rb4+ Kg5 45.Rb3 Kg4 46.Rb4+ Kg5  1/2-1/2

[Event "Junior Open"]
[Site "Saint Lo FRA"]
[Date "2003.07.12"]
[Round "4"]
[White "L'Huillier,T"]
[Black "Szabo,G ROM"]
[Result "0-1"]
[WhiteElo "2188"]
[BlackElo "2395"]

1.d4 Nf6 2.c4 g6 3.Nc3 Bg7 4.e4 d6 5.Nf3 O-O 6.Be2 e5 7.O-O Nc6 8.d5 Ne7
9.b4 c6 10.a4 a5 11.bxa5 c5 12.Ne1 Rxa5 13.Ra3 Nd7 14.Nb5 Ra6 15.Nc2 f5 16.Bg5 Nf6
17.Bxf6 Rxf6 18.f3 f4 19.Ne1 h5 20.Nd3 g5 21.Nf2 Rg6 22.h3 Kh7 23.Qe1 Ng8
24.Qd1 Nh6 25.Re1 Bf6 26.Rf1 Qd7 27.Rc3 Bd8 28.Rd3 Ba5 29.Ra3 Qe7 30.Qc2 Ra8
31.Rfa1 Bd7 32.Rd3 Rag8 33.Qd1 R8g7 34.Raa3 Kg8 35.Ra2 g4 36.fxg4 hxg4 37.Bxg4 Bxg4
38.Nxg4 Nxg4 39.hxg4 Rxg4 40.Rh3 Qg5 41.Qf3 Rg3 42.Rxg3 fxg3 43.Ra3 Qh4 44.Ra2 Qh2+
45.Kf1 Rf7  0-1

[Event "26th Open"]
[Site "Barbera del Valles ESP"]
[Date "2003.07.13"]
[Round "9"]
[White "Panelo,M"]
[Black "Rios,Al"]
[Result "1/2-1/2"]
[WhiteElo "2335"]
[BlackElo "2324"]

1.d4 Nf6 2.c4 g6 3.Nc3 Bg7 4.e4 O-O 5.Nf3 d6 6.Be2 e5 7.O-O Nc6 8.d5 Ne7
9.b4 Nh5 10.Re1 f5 11.Ng5 Nf6 12.Bf3 a5 13.b5 f4 14.Ba3 b6 15.Ne6 Bxe6 16.dxe6 h5
17.Nd5 Nh7 18.h4 Re8 19.c5 dxc5 20.Qb3 a4 21.Qc4 Nf8 22.Rad1 Qc8 23.Nxe7+ Rxe7
24.Rd7 Qe8 25.Qd5 Rc8 26.Be2 Rxe6 27.Bc4 Kh7 28.Rd1 Nxd7 29.Qxe6 Nf6 30.Qxe8 Rxe8
31.f3 Re7 32.Bb2 Ne8 33.Rd8 Nd6 34.Be2 Bf6 35.Ra8 Bxh4 36.Kf1 Bf6 37.Rxa4 Kg7
38.Ra7 Kf7 39.a4 Ke8 40.Ba3 Kd7 41.a5 Kc8 42.Ra8+ Kb7 43.Rf8 Rf7 44.a6+ Ka7
45.Rg8 g5 46.Ke1 Bg7 47.Bb2 Re7 48.Ba3 g4 49.Kf1 gxf3 50.gxf3 Bf6 51.Rg6 Rf7
52.Rh6 h4 53.Kg2 Rg7+ 54.Kh2 Bg5 55.Re6 h3 56.Kxh3 Rh7+ 57.Kg2 Bh4 58.Bb2 Bg3
59.Bxe5 Rh2+ 60.Kf1 Rh1+ 61.Kg2 Rh2+ 62.Kf1  1/2-1/2

[Event "103rd ch-SUI"]
[Site "Silvaplana SUI"]
[Date "2003.07.14"]
[Round "5"]
[White "Nemet,I"]
[Black "Habibi,Al"]
[Result "1/2-1/2"]
[WhiteElo "2425"]
[BlackElo "2277"]

1.d4 Nf6 2.c4 g6 3.Nc3 Bg7 4.e4 d6 5.Nf3 O-O 6.Be2 e5 7.O-O Nc6 8.d5 Ne7
9.Nd2 Ne8 10.b4 f5 11.c5 Kh8 12.a4 Nf6 13.f3 f4 14.Nc4 g5 15.Nb5 Ne8 16.a5 Ng6
17.cxd6 cxd6 18.Bd2 h5 19.Be1 Rf6 20.Bf2 a6 21.Na7 g4 22.fxg4 f3 23.Bxf3 hxg4
24.Bxg4 Bxg4 25.Qxg4 Nf4 26.Bb6 Qe7 27.Nc8 Qf7 28.g3 Rg6 29.Qh4+ Rh6 30.Qg4 Rg6
31.Rxf4 exf4 32.Qh5+ Bh6 33.Bd4+ Kh7 34.Qf5 Qxf5 35.exf5 Rg4 36.N4b6 Rxc8
37.Nxc8 fxg3 38.Bb6 gxh2+ 39.Kxh2 Nf6  1/2-1/2

[Event "103rd ch-SUI"]
[Site "Silvaplana SUI"]
[Date "2003.07.17"]
[Round "8"]
[White "Korotylev,A"]
[Black "Hochstrasser,M"]
[Result "1-0"]
[WhiteElo "2546"]
[BlackElo "2359"]

1.d4 Nf6 2.c4 g6 3.Nc3 Bg7 4.e4 d6 5.Be2 O-O 6.Nf3 e5 7.O-O Nc6 8.d5 Ne7
9.Nd2 a5 10.a3 Nd7 11.Rb1 f5 12.b4 Kh8 13.Qc2 Nf6 14.f3 Nh5 15.g3 Ng8 16.c5 Ngf6
17.Nc4 axb4 18.axb4 fxe4 19.fxe4 Bh3 20.Rf3 Ng4 21.Qd1 Rxf3 22.Bxf3 Nhf6
23.Qe2 h5 24.Bg2 Bxg2 25.Kxg2 Qe7 26.h3 Nh6 27.Be3 Nf7 28.b5 Bh6 29.Bxh6 Nxh6
30.b6 dxc5 31.bxc7 Qxc7 32.d6 Qf7 33.Nxe5 Qe8 34.Nc4 h4 35.Rxb7 hxg3 36.Re7 Qg8
37.Qe3 Nf7 38.Qxc5 Nh5 39.Qd4+ Kh7 40.e5 Kh6 41.Ne3 Nxd6 42.Ng4+ Kg5 43.h4+  1-0

[Event "18th Touraine Open"]
[Site "Avoine FRA"]
[Date "2003.07.19"]
[Round "1"]
[White "Primel,D"]
[Black "Nevednichy,V"]
[Result "1/2-1/2"]
[WhiteElo "2143"]
[BlackElo "2593"]

1.Nf3 Nf6 2.c4 g6 3.Nc3 Bg7 4.e4 d6 5.d4 O-O 6.Be2 e5 7.O-O Nc6 8.d5 Ne7
9.b4 Nh5 10.Re1 c6 11.Rb1 Kh8 12.dxc6 Nxc6 13.Nb5 a5 14.a3 axb4 15.axb4 Ra2
16.Nxd6 Nf4 17.Bxf4 exf4 18.e5 Qe7 19.c5 Bg4 20.h3 Bxf3 21.Bxf3 Nxe5 22.Bxb7 Qh4
23.Re2 Ra3 24.Rxe5 Bxe5 25.Nc4 Ra7 26.Nxe5 Rxb7 27.b5 Qe7 28.c6 Qxe5 29.cxb7 Qe4
30.Qe1  1/2-1/2

[Event "BCSA Open"]
[Site "Batumi GEO"]
[Date "2003.07.19"]
[Round "3"]
[White "Shalamberidze,A"]
[Black "Mgeladze,T"]
[Result "0-1"]
[WhiteElo "2443"]
[BlackElo "2293"]

1.c4 Nf6 2.Nc3 g6 3.d4 Bg7 4.e4 d6 5.Nf3 O-O 6.Be2 e5 7.O-O Nc6 8.d5 Ne7
9.b4 a5 10.Ba3 Nd7 11.bxa5 Rxa5 12.Bb4 Ra8 13.a4 Bh6 14.Nd2 f5 15.a5 Nf6
16.c5 Bxd2 17.Qxd2 fxe4 18.cxd6 cxd6 19.Nb5 Nf5 20.Rac1 Ne8 21.Rc4 b6 22.Ra1 Ba6
23.Rc6 Bxb5 24.Bxb5 bxa5 25.Bc3 Nf6 26.Rc4 e3 27.fxe3 Qb6 28.Ba4 Nxe3 29.Rc6 Qa7
30.Kh1 Ne4 31.Qe2 Rf2 32.Qd3 Raf8 33.Ra6 Nc5 34.Rxa7 Nxd3 35.h3 Rxg2  0-1

[Event "ch-NED Open"]
[Site "Dieren NED"]
[Date "2003.07.22"]
[Round "1"]
[White "Heltzel,J"]
[Black "Smits,Mar"]
[Result "1-0"]
[WhiteElo "2078"]
[BlackElo "2239"]

1.d4 Nf6 2.c4 g6 3.Nc3 Bg7 4.e4 d6 5.Nf3 O-O 6.Be2 e5 7.O-O Nc6 8.d5 Ne7
9.Ne1 Nd7 10.Be3 f5 11.f3 f4 12.Bf2 g5 13.a4 Ng6 14.a5 h5 15.Nb5 Nf6 16.Nxa7 Bd7
17.c5 g4 18.c6 g3 19.hxg3 fxg3 20.Bxg3 Rxa7 21.cxd7 h4 22.Bf2 Ra8 23.Bb5 Bh6
24.Nd3 Rf7 25.a6 bxa6 26.Bc6 Rb8 27.Ba7 Nxd7 28.Bxd7 Rxd7 29.Bxb8 Qxb8 30.Rxa6 Rg7
31.Qa4 Kh7 32.Kh1 Qd8 33.Qc2 Be3 34.Nf2 Nf4 35.Ng4 Bd4 36.Rc6 Nh5 37.Rc1 h3
38.Rxc7 hxg2+ 39.Kxg2 Nf4+ 40.Kf1 Bb6 41.Qh2+  1-0

[Event "BCSA Open"]
[Site "Batumi GEO"]
[Date "2003.07.23"]
[Round "7"]
[White "Batsiashvili,N"]
[Black "Guramishvili,S"]
[Result "0-1"]
[WhiteElo "2275"]
[BlackElo "2113"]

1.d4 Nf6 2.c4 g6 3.Nc3 Bg7 4.e4 d6 5.Nf3 O-O 6.Be2 e5 7.O-O Nc6 8.d5 Ne7
9.b4 Nh5 10.Re1 Nf4 11.Bf1 h6 12.Qb3 g5 13.c5 f5 14.Nd2 fxe4 15.Ndxe4 Nf5
16.cxd6 cxd6 17.Be3 a6 18.Rac1 Nd4 19.Qa3 Bf5 20.Qa5 Kh8 21.f3 b6 22.Qa3 b5
23.Qa5 Qb8 24.Ng3 Bg6 25.Red1 Rf7 26.Bf2 Bc2 27.Rd2 Bg6 28.Rdd1 Bc2 29.Rd2 Bg6
30.Nce4 Bxe4 31.Nxe4 Nxd5 32.Bxd4 exd4 33.Rc6 Be5 34.Rxa6 Rxa6 35.Qxa6 Rb7
36.a3 Rb6 37.Qa5 Nc3 38.Bd3 d5 39.Ng3 Bc7 40.Bxb5 Rf6 41.Qa6 Rxa6 42.Bxa6 Qa7
43.b5 Bxg3 44.hxg3 Qb6 45.Kh2 Nxb5 46.Bxb5 Qxb5 47.Rxd4 Kg7 48.f4 Kf6 49.a4 Qc5
50.Rd1 d4 51.a5 gxf4 52.Rf1 Qh5+ 53.Kg1 Qxa5 54.gxf4 Qc3 55.Kf2 Qe3+  0-1

[Event "ch-NED Open"]
[Site "Dieren NED"]
[Date "2003.07.23"]
[Round "2"]
[White "Jensen,JB"]
[Black "Pannekoek,W"]
[Result "0-1"]
[WhiteElo "2194"]
[BlackElo "2100"]

1.d4 Nf6 2.c4 g6 3.Nc3 Bg7 4.e4 d6 5.Nf3 O-O 6.Be2 e5 7.O-O Nc6 8.d5 Ne7
9.b4 Nh5 10.Re1 f5 11.Ng5 Nf6 12.f3 Nh5 13.exf5 gxf5 14.Qb3 Ng6 15.g3 Nf6
16.Bd3 e4 17.fxe4 fxe4 18.Be2 Ng4 19.Bxg4 Bxg4 20.Rxe4 Qf6 21.Be3 Qxc3 22.Qxc3 Bxc3
23.Rc1 Bb2 24.Rxg4 Bxc1 25.Bxc1 Ne5 26.Re4 Nf3+ 27.Nxf3 Rxf3 28.Bf4 Kf7 29.c5 Re8
30.Rc4 Rd3 31.cxd6 cxd6 32.Bxd6 Re2 33.Rf4+ Kg6 34.Bc5 Rd1+ 35.Rf1 Rxd5 36.Bxa7 Rxa2
37.Bc5 Rdd2 38.Rf2 Rxf2 39.Bxf2 Rb2 40.Bc5 Kf5 41.Bd6 Kg4 42.h4 h5 43.Kf1 Kf3
44.Ke1 Re2+ 45.Kd1 Rg2 46.Bc7 Rxg3 47.Kc2 Rg4 48.Kb3 Rxh4 49.Ka4 Rc4 50.Be5 Ke4
51.Bf6 Kd5  0-1

[Event "KB Czech Open"]
[Site "Pardubice CZE"]
[Date "2003.07.23"]
[Round "6"]
[White "Shtyrenkov,V"]
[Black "Hagara,E"]
[Result "1/2-1/2"]
[WhiteElo "2514"]
[BlackElo "2407"]

1.d4 Nf6 2.c4 g6 3.Nc3 Bg7 4.Nf3 d6 5.e4 O-O 6.Be2 e5 7.O-O Nc6 8.d5 Ne7
9.Ne1 Nd7 10.f3 f5 11.g4 Kh8 12.Nd3  1/2-1/2

[Event "KB Czech Open"]
[Site "Pardubice CZE"]
[Date "2003.07.23"]
[Round "6"]
[White "Neverov,V"]
[Black "Bjornsson,S"]
[Result "1-0"]
[WhiteElo "2566"]
[BlackElo "2302"]

1.Nf3 Nf6 2.c4 g6 3.Nc3 Bg7 4.e4 d6 5.d4 O-O 6.Be2 e5 7.O-O Nc6 8.d5 Ne7
9.Ne1 Nd7 10.Be3 f5 11.f3 f4 12.Bf2 h5 13.Nd3 g5 14.c5 Nf6 15.Rc1 g4 16.Nb5 a6
17.cxd6 cxd6 18.Nc7 g3 19.Nxa8 gxf2+ 20.Rxf2 Ne8 21.Qb3 b5 22.Qc3 Bf6 23.Nc7 Bh4
24.Nxe8 Bxf2+ 25.Nxf2 Qxe8 26.Qc7 Rf6 27.Qb8 Kf7 28.Rc7 Rg6 29.Bf1 h4 30.h3 Qg8
31.Ra7 Qe8 32.Qc7 Qf8 33.a3 Qe8 34.b3 Qf8 35.a4 bxa4 36.bxa4  1-0

[Event "16th Open"]
[Site "Kiel GER"]
[Date "2003.07.25"]
[Round "1"]
[White "Farago,I"]
[Black "Stellwagen,R"]
[Result "1-0"]
[WhiteElo "2465"]
[BlackElo "2052"]

1.d4 Nf6 2.c4 g6 3.Nc3 Bg7 4.e4 d6 5.Be2 O-O 6.Nf3 e5 7.O-O Nc6 8.d5 Ne7
9.b4 a5 10.Ba3 axb4 11.Bxb4 b6 12.a4 Ne8 13.Nb5 f5 14.Bd3 fxe4 15.Bxe4 Rf4
16.Nd2 Nf6 17.Re1 Nxe4 18.Nxe4 Bd7 19.Bd2 Rf8 20.Bg5 h6 21.Bxe7 Qxe7 22.Nxc7 Bxa4
23.Rxa4 Qxc7 24.Rb4 Kh7 25.h3 Rab8 26.Qg4 Rfd8 27.Reb1 Rb7 28.Qe6 g5 29.c5 dxc5
30.Rxb6 Rxb6 31.Rxb6 Rxd5 32.Rc6 Qd8 33.Qf5+ Kh8 34.Rc8  1-0

[Event "4th It"]
[Site "Montreal CAN"]
[Date "2003.07.25"]
[Round "3"]
[White "Vera,R"]
[Black "Nataf,IA"]
[Result "0-1"]
[WhiteElo "2509"]
[BlackElo "2549"]

1.d4 Nf6 2.c4 g6 3.Nc3 Bg7 4.e4 d6 5.Be2 O-O 6.Nf3 e5 7.O-O Nc6 8.d5 Ne7
9.Ne1 Nd7 10.Be3 f5 11.f3 f4 12.Bf2 g5 13.Rc1 Rf6 14.c5 Nxc5 15.b4 Na6 16.Nd3 Rh6
17.a4 Qe8 18.Kh1 Bd7 19.Qb3 Kh8 20.Nb2 Qh5 21.Bg1 g4 22.fxg4 Bxg4 23.Bxg4 Qxg4
24.Nb5 Bf6 25.Nxc7 Nxc7 26.Rxc7 Qe2 27.Rd1 Qxe4 28.Nc4 Nf5 29.Bf2 Bh4 30.Bxh4 Rg8
31.Qf3 Qxf3 32.gxf3 Rxh4 33.Rd2 e4 34.Rf7 Ng3+ 35.Kg1 Ne2+ 36.Kf1 Rg1+  0-1

[Event "3rd Savaria Summer Open"]
[Site "Szombathely HUN"]
[Date "2003.07.25"]
[Round "7"]
[White "Csiszar,C"]
[Black "Tancsa,R"]
[Result "1/2-1/2"]
[WhiteElo "2393"]
[BlackElo "2240"]

1.d4 Nf6 2.c4 g6 3.Nc3 Bg7 4.e4 d6 5.Nf3 O-O 6.Be2 e5 7.O-O Nc6 8.d5 Ne7
9.Ne1 Nd7 10.Be3 f5 11.f3 f4 12.Bf2 g5 13.Rc1 Rf6 14.c5 dxc5 15.Nd3 Ng6 16.Nxc5 Nxc5
17.Bxc5 Bf8 18.Bxf8 Nxf8 19.Nb5 c6 20.dxc6 Qb6+ 21.Rf2 bxc6 22.Nc3 Be6 23.Na4 Qc7
24.Qc2 Bf7 25.Bc4 Rd8 26.Nc5 Rd4 27.Bxf7+ Qxf7 28.Qc3 Ng6 29.Nb3 Rd7 30.Rfc2 Rfd6
31.Qc4 Ne7 32.Kf2 Kg7 33.Qxf7+ Kxf7 34.Ke1 Rb7 35.Na5 Rb5 36.Nc4 Rd4 37.a4 Rb3
38.Nxe5+ Ke6 39.Nc4 Rb4 40.a5 Ra4 41.b3 Rb4 42.Rc3 Ng6 43.Rd1 c5 44.Ra1 Rb5
45.Rac1 Ne7 46.Nb2 Rxa5 47.Na4 Kd6 48.Rxc5 Rdxa4 49.e5+ Ke6 50.bxa4 Rxa4
51.Rd1 Nf5 52.g4 Nd4 53.Rd3 Rb4 54.Kd1 Rb1+ 55.Rc1 Rb4 56.Ra1 a5 57.Rxa5 Rb1+
58.Kd2 Nb3+ 59.Kc2 Nxa5 60.Kxb1 Nc4 61.Rc3 Nxe5 62.Kc2 Kf6 63.Kd2 h6 64.Ke2 Ke6
65.Ra3 Kf6 66.Ra6+ Kg7 67.Re6 Nf7 68.Kd3 Nh8 69.Ke4 Ng6 70.Ra6 Nh4 71.Rb6 Kh7
72.Rb3 Kg6 73.Ke5 Kg7 74.Ke6 Kg6 75.Ke7 Kg7 76.Ra3 Ng6+ 77.Ke8 Nh4 78.Rb3 Kg8
79.h3 Kg7 80.Rb7+ Kg8 81.Ke7 Kg7 82.Ke8+ Kg8 83.Rf7 Nxf3 84.Ke7 Nh4 85.Kf6 Kh8
86.Rg7 f3 87.Rf7 Kg8 88.Ke6 Kh8 89.Ke7 Kg8 90.Rf6 Kg7 91.Ke6 Ng6 92.Rxf3 Nf4+
93.Kf5 Ng6 94.Ra3 Nh4+ 95.Ke6 Kg6 96.Ra8 Kg7 97.Ra7+ Kg6 98.Ke7 Kg7 99.Ke8+ Kg8
100.Rf7 Ng6 101.Ra7 Nf4 102.Ke7 Kg7 103.Kd6+ Kf6 104.Ra3 Kg6 105.Rf3 Ng2
106.Ke7 Kg7 107.Rf7+ Kg6 108.Kf8 Nf4 109.h4 gxh4 110.Rxf4 Kg5 111.Ra4 h3
112.Kg7 h2 113.Ra1 Kxg4 114.Kxh6 Kg3 115.Kg5 Kg2 116.Ra2+ Kg3 117.Ra3+ Kg2
118.Ra2+ Kg3 119.Ra3+ Kg2 120.Ra2+  1/2-1/2

[Event "ch-SCCF"]
[Site "Costa Mesa USA"]
[Date "2003.07.27"]
[Round "9"]
[White "Casella,M"]
[Black "Peters,Joh"]
[Result "0-1"]
[WhiteElo "2338"]
[BlackElo "2454"]

1.d4 Nf6 2.c4 g6 3.Nc3 Bg7 4.e4 d6 5.Nf3 O-O 6.Be2 e5 7.O-O Nc6 8.d5 Ne7
9.b4 Nh5 10.Re1 f5 11.Ng5 Nf6 12.Bf3 c6 13.Qb3 h6 14.Ne6 Bxe6 15.dxe6 fxe4
16.Nxe4 Nxe4 17.Bxe4 Qc8 18.Rd1 Rd8 19.Qh3 d5 20.Bc2 e4 21.Bxh6 Bxa1 22.Rxa1 Rd6
23.c5 Rxe6 24.Bd1 Nf5 25.Bg4 Qc7 26.Qb3 Qe5 27.Re1  0-1

[Event "ch-AUT"]
[Site "Hartberg AUT"]
[Date "2003.07.27"]
[Round "1"]
[White "Freitag,M"]
[Black "Knoll,H"]
[Result "1/2-1/2"]
[WhiteElo "2393"]
[BlackElo "2361"]

1.d4 Nf6 2.c4 g6 3.Nc3 Bg7 4.e4 d6 5.Be2 O-O 6.Nf3 e5 7.O-O Nc6 8.d5 Ne7
9.Ne1 Nd7 10.Be3 f5 11.f3 f4 12.Bf2 g5 13.a4 Ng6 14.a5 Nf6 15.c5 Kh8 16.cxd6 cxd6
17.Nb5 g4 18.Bxa7 g3 19.Bb6 gxh2+ 20.Kxh2 Qe7 21.Rh1 Nh5 22.Kg1 Ng3 23.Rh2 Bd7
24.Bc4 Rf6 25.Nc7 Rg8 26.Ne6 Rc8 27.b3 Nf8 28.Nd3 Nxe6 29.dxe6 Bxe6 30.Rc1 Rh6
31.Rxh6 Bxh6 32.Bxe6 Rxc1 33.Nxc1 Qxe6 34.Nd3 Bf8 35.Qc2 Be7 36.Qc4 Qg6 37.Qc8+ Qg8
38.Qxg8+ Kxg8 39.b4 Ne2+ 40.Kf2 Nc3 41.Ke1 Kf7 42.Kd2 Nb5 43.Kc2 Ke6 44.Kb3 Kd7
45.Bf2 Kc6 46.Kc4 Na3+ 47.Kb3 Nb5 48.Be1 Bd8 49.Ka4 h5 50.Kb3 Bf6 51.Bc3 Nxc3
52.Kxc3 Kb5 53.Kb3  1/2-1/2

[Event "MTO"]
[Site "Biel SUI"]
[Date "2003.07.28"]
[Round "7"]
[White "Tukmakov,V"]
[Black "Cebalo,M"]
[Result "1-0"]
[WhiteElo "2573"]
[BlackElo "2510"]

1.d4 Nf6 2.c4 g6 3.Nc3 Bg7 4.e4 d6 5.Be2 O-O 6.Nf3 e5 7.O-O Nc6 8.d5 Ne7
9.Nd2 Ne8 10.b4 f5 11.c5 Bh6 12.Nc4 Bxc1 13.Rxc1 fxe4 14.Nxe4 Nf5 15.f4 exf4
16.Rxf4 Qe7 17.Qd3 Nh6 18.Qd2 Rxf4 19.Qxf4 Bf5 20.Ng3 Kg7 21.Ne3 Bd7 22.Ne4 Nf5
23.c6 Nxe3 24.Qxe3 bxc6 25.dxc6 Bf5 26.Qd4+ Nf6 27.Nc3 Qe5 28.Qxe5 dxe5 29.Nb5 Ne8
30.Rc5 Kf6 31.Nc3 Rd8 32.g4 Be6 33.Ne4+ Kg7 34.Rxe5 Bxa2 35.Re7+ Kf8 36.Rd7 Rb8
37.b5 Bg8 38.g5 a6 39.bxa6 Rb1+ 40.Kf2 Ra1 41.Nf6  1-0

[Event "16th Open"]
[Site "Kiel GER"]
[Date "2003.07.28"]
[Round "5"]
[White "Maass,J"]
[Black "Stellwagen,R"]
[Result "1/2-1/2"]
[WhiteElo "2155"]
[BlackElo "2052"]

1.d4 Nf6 2.c4 g6 3.Nc3 Bg7 4.e4 d6 5.Nf3 O-O 6.Be2 e5 7.O-O Nc6 8.d5 Ne7
9.b4 Nd7 10.c5 dxc5 11.bxc5 Nxc5 12.Ba3 Nd7 13.Nb5 c5 14.dxc6 bxc6 15.Nd6 Nb6
16.Qc2 Bg4 17.Rfd1 Bxf3 18.Bxf3 Qb8 19.Rab1 Bf6 20.Bg4 Kg7 21.Nc4 Rd8 22.Bd6 Qb7
23.Qb2 Qa6 24.Nxb6 axb6 25.Bxe5 Ng8 26.Rxd8 Rxd8 27.Be2 Qa5 28.Bxf6+ Nxf6
29.e5 Nd5  1/2-1/2

[Event "ch-NED Open"]
[Site "Dieren NED"]
[Date "2003.07.30"]
[Round "8"]
[White "Ernst,S"]
[Black "Nijboer,F"]
[Result "1/2-1/2"]
[WhiteElo "2468"]
[BlackElo "2588"]

1.d4 Nf6 2.c4 g6 3.Nc3 Bg7 4.e4 d6 5.Nf3 O-O 6.Be2 e5 7.O-O Nc6 8.d5 Ne7
9.b4 Nh5 10.Re1 a5 11.bxa5 f5 12.Nd2 Nf6 13.a4 c5 14.Bf1 f4 15.Ra3 g5 16.Nb5 g4
17.Bb2 Ng6 18.Rd3 Rf7 19.Nb3 h5 20.Ba3 Bf8 21.Qa1 f3 22.g3 h4 23.Rd2 Nh5
24.Rc2 Qf6 25.Qa2 Rh7 26.Nxd6 Bxd6 27.Bxc5 Bxc5 28.Nxc5 b6 29.Ne6 bxa5 30.c5 hxg3
31.fxg3 Bxe6 32.dxe6 Kh8 33.Rd1 Qg5 34.Qb3 Rf8 35.Rd7 Nf6 36.Qd3 Nxd7 37.exd7 Qd8
38.c6 Qc7 39.Qb3 Ne7 40.Qe6 Nxc6 41.Rxc6 Qxd7 42.Qxe5+ Qg7 43.Rc5 Qxe5 44.Rxe5 Rb8
45.Rxa5 Rb2 46.Ra8+ Kg7 47.Ra7+ Kg6 48.Ra6+ Kg5 49.Ra5+ Kf6 50.Rf5+ Ke6 51.h3 gxh3
52.Rxf3 Ke5 53.Rf4 h2+ 54.Kh1 Rc7 55.Rf5+ Kxe4 56.Rb5 Rxb5 57.Bg2+ Ke3 58.axb5 Rh7
59.b6 Kf2 60.b7 Rh8 61.Bh3 Rb8 62.Kxh2 Rxb7 63.Bf5 Rb5 64.Bg4 Rb6 65.Bh5 Rh6
66.g4 Rh8 67.Kh3 Kf3 68.Kh4 Kf4 69.Kh3 Ra8 70.Kg2 Ra2+ 71.Kf1 Ke3 72.Bg6 Rf2+
73.Ke1 Rg2 74.Kd1 Rxg4 75.Bh7 Rg7 76.Bf5 Rc7 77.Bc2 Rd7+ 78.Kc1 Rd3 79.Bxd3 Kxd3  1/2-1/2

[Event "Valoz Cup"]
[Site "Olomouc CZE"]
[Date "2003.07.30"]
[Round "1"]
[White "Thallinger,H"]
[Black "Braslavskij,A"]
[Result "1-0"]
[WhiteElo "2363"]
[BlackElo "2243"]

1.d4 Nf6 2.c4 g6 3.Nc3 Bg7 4.e4 d6 5.Be2 O-O 6.Nf3 e5 7.O-O Nc6 8.d5 Ne7
9.b4 a5 10.Ba3 Nd7 11.Qb3 Kh8 12.bxa5 Rxa5 13.Bb4 Nc5 14.Qc2 Ra6 15.Bxc5 dxc5
16.Nd2 Bd7 17.Nb3 b6 18.a4 Nc8 19.a5 f5 20.axb6 Rxa1 21.Rxa1 cxb6 22.Nd2 Qc7
23.Qb3 Bh6 24.Nf3 Bg7 25.Bd3 Nd6 26.Ng5 Rb8 27.Ra6 Bf6 28.Ne6 Qb7 29.Qa3 Bxe6
30.dxe6 fxe4 31.Ra7 Qc8 32.Nxe4 Qxe6 33.h3 Nxe4 34.Bxe4 Qxc4 35.Qe3 Bg7 36.Kh2 Rf8
37.f3 Qd4 38.Qg5 Qd8 39.Qg4 Qd2 40.Rb7 Bh6 41.Rxh7+  1-0

[Event "MTO"]
[Site "Biel SUI"]
[Date "2003.07.31"]
[Round "10"]
[White "Adianto,U"]
[Black "Kuzmin,A"]
[Result "1/2-1/2"]
[WhiteElo "2573"]
[BlackElo "2583"]

1.d4 Nf6 2.c4 g6 3.Nc3 Bg7 4.e4 d6 5.Nf3 O-O 6.Be2 e5 7.O-O Nc6 8.d5 Ne7
9.b4 Nh5 10.Re1 f5 11.Ng5 Nf6 12.Bf3 c6 13.Qb3 h6 14.Ne6 Bxe6 15.dxe6 Qc8
16.c5 fxe4 17.cxd6 exf3 18.dxe7 Re8 19.Bb2 Rxe7 20.Rxe5 Qc7 21.Ree1 fxg2
22.h3 Qf4 23.Ne2 Qd6 24.b5 Qxe6 25.bxc6 Qxb3 26.axb3 bxc6 27.Nf4 Rxe1+ 28.Rxe1 Kf7
29.Rc1 Nh5 30.Nxh5 Bxb2 31.Rc2 Bd4 32.Ng3 Rc8 33.Rc4 Bb6 34.Kxg2 h5 35.h4 Ke6
36.Ne2 Kd6 37.Nf4 Rf8 38.Re4 Rf6 39.Kf3 Kd7 40.Ke2 Bc7 41.Nd3 Rf5 42.f4 a5
43.Kd2 Kd6 44.Re8 Kd7 45.Re4 Rd5 46.Kc3 Bd8 47.Kc4 Bf6 48.Nc5+ Kc7 49.Ne6+ Kb6
50.Nf8 Bxh4 51.Nxg6 Bf6 52.Ne5 Rc5+ 53.Kd3 Kb5 54.Re3 h4 55.Ke4 Rc1 56.Kf5 Bd8
57.Rd3 Bc7 58.Rh3 Rb1 59.Ke6 c5 60.Ng6 Kb4 61.f5 Bg3 62.f6 Re1+ 63.Kd7 Rd1+
64.Ke6 Re1+ 65.Kd7  1/2-1/2

[Event "8th Open"]
[Site "Creon FRA"]
[Date "2003.08.01"]
[Round "7"]
[White "Van der Stricht,G"]
[Black "Gaponenko,I"]
[Result "1-0"]
[WhiteElo "2450"]
[BlackElo "2399"]

1.d4 Nf6 2.c4 g6 3.Nc3 Bg7 4.e4 d6 5.Nf3 O-O 6.Be2 e5 7.O-O Nc6 8.d5 Ne7
9.b4 Nh5 10.Re1 f5 11.Ng5 Nf6 12.Bf3 Kh8 13.Bb2 Ne8 14.Ne6 Bxe6 15.dxe6 c6
16.c5 dxc5 17.bxc5 Nc7 18.Qd6 Ng8 19.Na4 Qxd6 20.cxd6 Nxe6 21.exf5 Ng5 22.Nc5 gxf5
23.Rad1 e4 24.Bxg7+ Kxg7 25.h4 Nf7 26.Ne6+ Kf6 27.Nxf8 Rxf8 28.Bh5 Rd8 29.Bxf7 Kxf7
30.g4 Ke6 31.f3 Nf6 32.g5 Nd5 33.fxe4 fxe4 34.Rxe4+ Kxd6 35.Kh2 a5 36.Rf1 Rd7
37.Kg3 b5 38.h5 b4 39.Re8 a4 40.Ra8 a3 41.h6 c5 42.Rd1 Ke6 43.Rc8 Kd6 44.Kh4 b3
45.axb3 a2 46.Ra8 Kc6 47.Ra6+  1-0

[Event "Ceska Pojistovna Cup"]
[Site "Olomouc CZE"]
[Date "2003.08.01"]
[Round "3"]
[White "Wiley,To"]
[Black "Zawadzka,J"]
[Result "1/2-1/2"]
[WhiteElo "2328"]
[BlackElo "2275"]

1.d4 Nf6 2.c4 g6 3.Nc3 Bg7 4.e4 d6 5.Nf3 O-O 6.Be2 e5 7.O-O Nc6 8.d5 Ne7
9.b4 a5 10.bxa5 c5 11.dxc6 Nxc6 12.Bg5 Qxa5 13.Bxf6 Qxc3 14.Qxd6 Be6 15.Bxg7 Kxg7
16.a4 Rfd8 17.Qa3 Qxa3 18.Rxa3 Nd4 19.Nxd4 Rxd4 20.f3 Bxc4  1/2-1/2

[Event "Candidates"]
[Site "Aarhus DEN"]
[Date "2003.08.02"]
[Round "7"]
[White "Rossen,C"]
[Black "Matthiesen,M"]
[Result "1/2-1/2"]
[WhiteElo "2202"]
[BlackElo "2260"]

1.d4 Nf6 2.c4 g6 3.Nc3 Bg7 4.e4 d6 5.Nf3 O-O 6.Be2 e5 7.O-O Nc6 8.d5 Ne7
9.b4 Nh5 10.c5 h6 11.Nd2 Nf4 12.Nc4 f5 13.f3 g5 14.cxd6 cxd6 15.exf5 Nxf5
16.Ne4 b5 17.Na5 Qb6+ 18.Kh1 Bb7 19.Nxb7 Qxb7 20.a4 bxa4 21.Rxa4 Nxe2 22.Qxe2 Qxd5
23.Ra6 Qb7 24.Nxd6 Nxd6 25.Rxd6 Qxb4 26.Rd7 e4 27.Qa2+ Kh8 28.Ba3 Qb5 29.Rfd1 Qa4
30.Qe6 Rf6 31.Qe7 Rg8 32.Bb2 Rg6 33.Qf7 Qa6 34.fxe4 Kh7 35.Rxa7 Qe2 36.Rb1 Qc2
37.Qf1 Rf8 38.Qd1 Qxe4  1/2-1/2

[Event "WYol u16"]
[Site "Denizli TUR"]
[Date "2003.08.05"]
[Round "3"]
[White "Topel,Z"]
[Black "Khusnutdinov,R"]
[Result "0-1"]
[WhiteElo "2045"]
[BlackElo "2305"]

1.d4 Nf6 2.Nf3 g6 3.c4 Bg7 4.Nc3 O-O 5.e4 d6 6.Be2 e5 7.O-O Nc6 8.d5 Ne7
9.b4 a5 10.Ba3 Nd7 11.bxa5 Rxa5 12.Bb4 Ra8 13.Qc2 Bh6 14.Nb5 f5 15.Bd3 Nf6
16.Nd2 Kh8 17.f3 Nh5 18.c5 Be3+ 19.Kh1 Nxd5 20.g4 Nxb4 21.Qc3 Qh4 22.Rfe1 Bf4
23.Nf1 Nxd3 24.Qxd3 fxg4 25.fxg4 Bxg4 26.cxd6 Bxh2 27.Nxh2 Rf2  0-1

[Event "IM"]
[Site "Niederbronn FRA"]
[Date "2003.08.05"]
[Round "4"]
[White "Rau,H"]
[Black "Mohebbi,J"]
[Result "1-0"]
[WhiteElo "2388"]
[BlackElo "2251"]

1.d4 Nf6 2.c4 g6 3.Nc3 Bg7 4.e4 d6 5.Nf3 O-O 6.Be2 e5 7.O-O Nc6 8.d5 Ne7
9.b4 a5 10.Ba3 axb4 11.Bxb4 Nd7 12.a4 f5 13.a5 h6 14.Nd2 Rf7 15.Ra3 Kh7 16.f3 h5
17.Na4 Bf8 18.Nb3 Nf6 19.c5 Neg8 20.Nb2 Rg7 21.Qc2 f4 22.Nc4 g5 23.cxd6 Bxd6
24.Nc5 Qe7 25.Nxd6 cxd6 26.Na4 Bd7 27.Nb6 Rd8 28.Qc7 Ne8 29.Qxb7 g4 30.Nxd7 Rxd7
31.Qc8 Nh6 32.a6 gxf3 33.Bxf3 Ng4 34.Bxg4 Rxg4 35.h3 Rg8 36.Qc2 Nc7 37.Qe2 Rg5
38.a7 Na8 39.Rfa1 Rb7 40.Be1 Qf7 41.Kh1 Rg7 42.Bf2 Qg6 43.Bg1 Rb4 44.Re1 Rc7
45.Qd3 Rcc4 46.Rb3 Qf7 47.Reb1 Rxb3 48.Qxb3 Rc7 49.Qf3 Kg7 50.Kh2 Re7 51.Rb8 Re8
52.Qb3 Kf6 53.Bf2 Qd7 54.Bh4+ Kf7 55.Rb7 Nc7 56.Qc3 Rc8 57.a8=Q  1-0